Sledovanie toxických účinkov aflatoxínu B1 ošetreného nízkoteplotnou plazmou využitím bunkových línií

Uložené v:
Podrobná bibliografia
Hlavný autor: Bereníková, Alžbeta (Autor)
Ďalší autori: Kaliňáková, Barbora (Vedúci práce)
Médium: Rukopis Kniha
Jazyk:Slovak
Vydavateľské údaje: 2022
Predmet:
On-line prístup:http://is.stuba.sk/zp/portal_zp.pl?podrobnosti=153129
Tagy: Pridať tag
Žiadne tagy, Buďte prvý, kto otaguje tento záznam!

MARC

LEADER 00000ntm a22000003a 4500
001 stuzp90425
003 SK-STU
005 20220625211901.0
007 ta
008 150427s2015----xo-----f-mn---000-0-slo-d
040 |a STU  |b slo 
041 0 |a slo 
100 1 |a Bereníková, Alžbeta  |u 043000  |4 aut  |U FCHPT Fakulta chemickej a potravinárskej technológie  |T FCHPT Ústav biochémie a mikrobiológie  |X 97393  |U C3000  |Y 101  |7 97393 
242 0 1 |a Monitoring of Toxic Effects of Aflatoxin B1 Treated with Low Temperature Plasma Using Cell Lines  |y eng 
245 1 0 |a Sledovanie toxických účinkov aflatoxínu B1 ošetreného nízkoteplotnou plazmou využitím bunkových línií 
260 |c 2022 
650 4 |a aflatoxín B1  |2 slo 
650 4 |a NIH/3T3  |2 slo 
650 4 |a nízkoteplotná plazma  |2 slo 
650 4 |a viabilita  |2 slo 
650 4 |a morfológia  |2 slo 
650 4 |a NIH/3T3  |2 eng 
650 4 |a viability  |2 eng 
650 4 |a morphology  |2 eng 
650 4 |a low temperature plasma  |2 eng 
650 4 |a aflatoxin B1  |2 eng 
700 1 |a Kaliňáková, Barbora  |u 043000  |k Z1  |4 ths  |U FCHPT Fakulta chemickej a potravinárskej technológie  |T FCHPT Ústav biochémie a mikrobiológie  |X 38072  |U C3000  |Y 101  |7 A000038072 
856 4 |u http://is.stuba.sk/zp/portal_zp.pl?podrobnosti=153129